000 00755nam a2200181 4500
999 _c13322
_d13322
008 190301b ||||| |||| 00| 0 eng d
022 _a0746-8342
082 _aDPer 510.5 C697 Jan 2012-Sept 2015 v. 43 & 46, n. 1-4
100 _aThurschwell, Eric.
_937238
245 _aAn even simpler proof of the right-hand rule/
_cEric Thurschwell, edited by Ricardo Alfaro, Lixing Han and Kenneth Schilling.
260 _aWashington D. C.:
_bMathematical Association of America,
_c©Jul 2012-Sept 2015.
300 _av43 n3, pages 215-217:
_bIllustrations;
_c25 cm.
650 _aTrigonometry.
_937239
700 _aAlfaro, Ricardo
_eEditor.
_937240
700 _aHan, Lixing
_eEditor.
_937241
700 _aSchilling, Kenneth
_eEditor.
_937242
942 _2ddc
_cPER